Music Quiz

Random Music or Lyrics Quiz

Billy Joel - Lullabye (Goodnight, My Angel) Lyric Map Quiz Stats

 Plays Quiz not verified by Sporcle

Challenge
Share
Tweet
Score 0/183 Timer 10:00
0 Plays Today
% Correct
And
98.3%
And
98.3%
And
98.3%
The
98.3%
And
98.3%
A
98.3%
The
98.3%
The
98.3%
And
98.3%
A
98.3%
And
98.3%
And
98.3%
A
98.3%
And
98.3%
And
98.3%
An
96.6%
Go,
95.5%
Go
95.5%
My
95%
My
95%
My
95%
Goodnight,
92.7%
Angel,
92.7%
Goodnight,
92.7%
Angel,
92.7%
Goodnight,
92.7%
Angel,
92.7%
I
92.2%
I
92.2%
I
92.2%
I
92.2%
I
92.2%
I
92.2%
I
92.2%
I
92.2%
I
92.2%
To
91.1%
To
91.1%
You,
91.1%
You
91.1%
You
91.1%
You
91.1%
To
91.1%
To
91.1%
You
91.1%
You
91.1%
To
91.1%
You
91.1%
You
91.1%
To
91.1%
For
88.3%
For
88.3%
Your
87.7%
Be
87.7%
Be
87.7%
Your
87.7%
Be,
87.7%
Your
87.7%
Your
87.7%
Be
87.7%
Be
87.7%
% Correct
Be.
87.7%
Time
87.2%
Time
87.2%
Time
87.2%
Me,
86.6%
Sleep,
86.6%
Me,
86.6%
Sleep,
86.6%
Me.
86.6%
Me.
86.6%
Of
84.4%
Of
84.4%
Close
83.8%
Eyes,
83.8%
Know
83.8%
Know
83.8%
Know,
83.8%
Will
83.8%
Will
83.8%
Will
83.8%
Will
83.8%
What
83.2%
You've
83.2%
What
83.2%
You've
83.2%
Now
83.2%
It's
83.2%
Now
83.2%
It's
83.2%
Say.
82.7%
Say,
82.7%
Another
82.1%
Day.
82.1%
Always
82.1%
No
82.1%
Always
82.1%
Always
82.1%
Save
81.6%
These
81.6%
Been
81%
Been
81%
Think
79.9%
Think
79.9%
Never
79.9%
Where
79.9%
Never
79.9%
Never
79.9%
On
79.3%
On
79.3%
Part
79.3%
Part
79.3%
On
79.3%
On...
79.3%
Questions
78.8%
Trying
78.8%
Asking
78.2%
This
78.2%
Dream,
78.2%
Dream
78.2%
This
78.2%
Leave
76%
% Correct
Are,
76%
In
76%
Matter
75.4%
If
75.4%
Would
74.3%
Far
74.3%
How
74.3%
How
74.3%
So
73.7%
Heart,
73.7%
Lullabye,
73.7%
Heart,
73.7%
Should
73.2%
May
72.6%
May
72.6%
Away.
72.1%
We
72.1%
Sing
72.1%
I'm
70.4%
Life
70.4%
You'll
69.8%
Promised
69.3%
Want
69.3%
When
69.3%
There
69.3%
Things
68.7%
All
68.7%
All
68.7%
Wherever
68.2%
Rocking
68.2%
Ocean,
67.6%
Wonderful
67.6%
Deep
67%
Like
66.5%
Boat
66.5%
Out
65.9%
Child
65.9%
But
65.9%
That's
65.4%
Many
64.8%
Inside
64.8%
Cry,
64.8%
Dark
64.2%
Water's
63.7%
Sailing
62.6%
Bay,
62.6%
We'll
62.6%
Gone,
62.6%
Went
61.5%
Someday
60.3%
Someday
60.3%
Lullabyes
60.3%
They
60.3%
Still
59.8%
Emerald
59.8%
Remember
59.2%
Die,
59.2%
Ancient
58.7%
Sang
58.1%
Then
57%
Songs
55.9%

You're not logged in!

Compare scores with friends on all Sporcle quizzes.
Join for Free
OR
Log In

You Might Also Like...

Show Comments

Extras

Top Quizzes Today


Score Distribution

Your Account Isn't Verified!

In order to create a playlist on Sporcle, you need to verify the email address you used during registration. Go to your Sporcle Settings to finish the process.

Report this User

Report this user for behavior that violates our Community Guidelines.

Details: